000 00580cam a2200205 4500
001 M65
008 090401t1992 xxu||||| |||| 00| 0 eng d
035 _a(Sirsi) u39616
041 _aeng
050 _a333.0062
090 _aRICS 1992/12ABC
100 _aWatts, Ted
245 _aPromoting chartered surveyors the buck stops...where?: presidential address 1991-92 to the members of the RICS
260 _aLondon
_bRICS
_c1992
300 _a15p ; 30cm
350 _a0
690 _aMANAGEMENT-BUSINESS MANAGEMENT-PROFESSIONAL PRACTICE
942 _n0
948 _c04/03/1997
999 _c90815
_d90815